MARC Record
Leader
003
BE-GnUNI
007
't'u
035
a| (MSK)310002147
084
a| I.LACAZE G.1
245
0
0
a| Germaine Lacaze :
b| dessins - aquarelles - peintures (Vente Paris, nouveau drouot, 25.05.1987 ; exposition publique 23.05.1987).
260
a| Paris :
b| Drouot,
c| 1987.
300
a| 25 :
b| ill.
490
0
a| L' école de la réalité poetique
546
a| Frans
500
a| Veilingcatalogus
600
1
7
a| Lacaze, Germaine.
2| z
852
4
b| MSK
c| MSK
j| I.LACAZE G.1
920
a| boek
001
000002140
005
20241224121600.0